Vista normal
Vista MARC
Entrada Personal Name
Número de registros utilizados en: 2
001 - CONTROL NUMBER
- control field: 4884
003 - CONTROL NUMBER IDENTIFIER
- control field: OSt
005 - DATE AND TIME OF LATEST TRANSACTION
- control field: 20230915225804.0
008 - FIXED-LENGTH DATA ELEMENTS
- fixed length control field: 230915|| aca||aabn | a|a d
040 ## - CATALOGING SOURCE
- Original cataloging agency: OSt
- Transcribing agency: OSt
100 ## - HEADING--PERSONAL NAME
- Personal name: Simposio CentroAméricano sobre aplicaciones de energía Biomástica Cartago, 4 - 8 agosto, 1980
670 ## - SOURCE DATA FOUND
- Source citation: Work cat.: (OSt)18189: Simposio CentroAméricano sobre aplicaciones de energía Biomástica Cartago, 4 - 8 agosto, 1980, Diseño y construcción de biodigestores, 1985